[Event "European Rapid Championship 2021"]
[Site "Katowice"]
[Date "2021.12.19"]
[Round "8.11"]
[White "Szwed, Jacek"]
[Black "Pultinevicius, Paulius"]
[Result "0-1"]
[WhiteElo "2372"]
[BlackElo "2536"]
[Annotator "ChessBase"]
[PlyCount "114"]
[EventDate "2021.12.18"]
[EventType "swiss"]
[EventCountry "POL"]
[SourceTitle "playchess.com"]
[Source "ChessBase"]
[SourceQuality "1"]
[TimeControl "900+10"]

1. e4 {[%emt 0:01:46]} c6 {[%emt 0:00:01]} 2. d4 {[%emt 0:00:02]} d5 {[%emt 0:
00:01]} 3. Nd2 {[%emt 0:00:11]} dxe4 {[%emt 0:00:04]} 4. Nxe4 {[%emt 0:00:01]}
Nd7 {[%emt 0:00:02]} 5. Ng5 {[%emt 0:00:33]} Ngf6 {[%emt 0:00:06]} 6. Bd3 {
[%emt 0:00:02]} e6 {[%emt 0:00:05]} 7. Qe2 {[%emt 0:00:11]} Bd6 {[%emt 0:00:03]
} 8. N1f3 {[%emt 0:00:02]} h6 {[%emt 0:00:04]} 9. Ne4 {[%emt 0:00:02]} Nxe4 {
[%emt 0:00:03]} 10. Qxe4 {[%emt 0:00:01]} Qc7 {[%emt 0:00:04]} 11. Qg4 {
[%emt 0:00:03]} Kf8 {[%emt 0:00:01]} 12. O-O {[%emt 0:00:05]} b6 {[%emt 0:00:
12]} 13. b3 {[%emt 0:00:40]} Bb7 {[%emt 0:01:04]} 14. Bb2 {[%emt 0:00:08]} Nf6
{[%emt 0:00:14]} 15. Qh4 {[%emt 0:03:57]} Nd5 {[%emt 0:00:02]} 16. Rfe1 {
[%emt 0:03:40]} Nf4 {[%emt 0:00:44]} 17. Bf1 {[%emt 0:01:26]} g5 {[%emt 0:01:
08]} 18. Nxg5 {[%emt 0:00:09]} Be7 {[%emt 0:00:29]} 19. g3 {[%emt 0:02:55]}
Bxg5 {[%emt 0:00:15]} 20. Qg4 {[%emt 0:00:00]} Nd5 {[%emt 0:00:03]} 21. c4 {
[%emt 0:00:10]} Nf6 {[%emt 0:10:37]} 22. Qf3 {[%emt 0:00:01]} Rg8 {[%emt 0:01:
28]} 23. d5 {[%emt 0:00:45]} cxd5 {[%emt 0:00:01]} 24. Bxf6 {[%emt 0:00:02]}
dxc4 {[%emt 0:00:14]} 25. Be5 {[%emt 0:01:41]} Bxf3 26. Bxc7 Bd2 {[%emt 0:00:
16]} 27. Bd6+ {[%emt 0:00:30]} Kg7 {[%emt 0:00:17]} 28. Bxc4 {[%emt 0:00:04]}
Bxe1 {[%emt 0:00:01]} 29. Rxe1 {[%emt 0:00:00]} Rgd8 {[%emt 0:00:07]} 30. Be5+
{[%emt 0:00:06]} Kg6 {[%emt 0:00:02]} 31. Bc3 {[%emt 0:00:20]} Rd1 {[%emt 0:00:
04]} 32. Rxd1 {[%emt 0:00:06]} Bxd1 {[%emt 0:00:01]} 33. Kf1 {[%emt 0:00:00]}
Rd8 {[%emt 0:00:02]} 34. Kg2 {[%emt 0:00:10]} Bc2 {[%emt 0:00:04]} 35. Bb5 {
[%emt 0:00:14]} Be4+ {[%emt 0:00:04]} 36. f3 {[%emt 0:00:01]} Rc8 {[%emt 0:00:
12]} 37. Bc4 {[%emt 0:00:14]} Bb1 {[%emt 0:00:17]} 38. a4 {[%emt 0:00:31]} Rd8
{[%emt 0:00:04]} 39. a5 {[%emt 0:00:31]} Bd3 {[%emt 0:00:07]} 40. axb6 {
[%emt 0:00:12]} axb6 {[%emt 0:00:02]} 41. Kf2 {[%emt 0:00:04]} Bxc4 {[%emt 0:
00:02]} 42. bxc4 {[%emt 0:00:01]} Rd3 {[%emt 0:00:16]} 43. Be5 {[%emt 0:00:03]}
h5 {[%emt 0:00:59]} 44. Ke2 {[%emt 0:00:27]} Rb3 {[%emt 0:00:04]} 45. Bd4 {
[%emt 0:00:02]} f6 {[%emt 0:00:04]} 46. h3 {[%emt 0:00:15]} e5 {[%emt 0:00:04]}
47. Be3 {[%emt 0:00:05]} Kf7 {[%emt 0:01:11]} 48. g4 {[%emt 0:00:08]} Kg6 {
[%emt 0:01:09]} 49. Kd2 {[%emt 0:00:11]} h4 {[%emt 0:00:18]} 50. Ke2 {[%emt 0:
00:11]} Rb2+ {[%emt 0:00:08]} 51. Bd2 {[%emt 0:00:20]} f5 {[%emt 0:00:27]} 52.
Ke3 {[%emt 0:00:16]} Rb3+ {[%emt 0:00:09]} 53. Kf2 {[%emt 0:00:13]} fxg4 {
[%emt 0:00:01]} 54. fxg4 {[%emt 0:00:09]} Rxh3 {[%emt 0:00:02]} 55. Be3 {
[%emt 0:00:01]} Rxe3 {[%emt 0:00:15]} 56. Kxe3 {[%emt 0:00:04]} h3 {[%emt 0:00:
03]} 57. Kf3 {[%emt 0:00:02]} e4+ {[%emt 0:00:01]} 0-1

[Event "European Rapid Championship 2021"]
[Site "Katowice"]
[Date "2021.12.19"]
[Round "8.11"]
[White "Snihur, Piotr"]
[Black "Cukrowski, Filip"]
[Result "0-1"]
[WhiteElo "2006"]
[BlackElo "2373"]
[Annotator "NA"]
[PlyCount "64"]
[EventDate "2021.12.18"]
[EventType "swiss"]
[EventCountry "POL"]
[SourceTitle "playchess.com"]
[Source "ChessBase"]
[SourceQuality "1"]
[TimeControl "900+10"]

1. c4 {[%emt 0:00:08]} Nf6 {[%emt 0:00:03]} 2. Nf3 {[%emt 0:00:03]} c5 {
[%emt 0:00:02]} 3. g3 {[%emt 0:00:08]} b6 {[%emt 0:00:01]} 4. Bg2 {[%emt 0:00:
03]} Bb7 {[%emt 0:00:01]} 5. O-O {[%emt 0:00:07]} d6 {[%emt 0:00:01]} 6. Nc3 {
[%emt 0:00:10]} g6 {[%emt 0:00:06]} 7. d4 {[%emt 0:00:40]} cxd4 {[%emt 0:00:02]
} 8. Nxd4 {[%emt 0:00:06]} Bxg2 {[%emt 0:00:04]} 9. Kxg2 {[%emt 0:00:02]} Bg7 {
[%emt 0:00:13]} 10. Bg5 {[%emt 0:01:11]} O-O {[%emt 0:00:10]} 11. Qd2 {[%emt 0:
00:58]} Qc8 {[%emt 0:00:47]} 12. b3 {[%emt 0:01:55]} Nc6 {[%emt 0:00:23]} 13.
Nf3 {[%emt 0:00:25]} Re8 {[%emt 0:00:23]} 14. Rac1 {[%emt 0:00:13]} Qb7 {
[%emt 0:00:26]} 15. e4 {[%emt 0:01:52]} a6 {[%emt 0:00:07]} 16. Rfe1 {[%emt 0:
00:45]} b5 {[%emt 0:00:04]} 17. Nd5 {[%emt 0:01:02]} Ng4 {[%emt 0:05:52]} 18.
cxb5 {[%emt 0:02:51]} axb5 {[%emt 0:00:01]} 19. Rxc6 {[%emt 0:00:03]} Qxc6 {
[%emt 0:00:01]} 20. Nxe7+ {[%emt 0:00:02]} Rxe7 {[%emt 0:00:01]} 21. Bxe7 {
[%emt 0:00:01]} Bc3 {[%emt 0:00:02]} 22. Rc1 {[%emt 0:00:31]} b4 {[%emt 0:00:
48]} 23. Qf4 {[%emt 0:03:31]} Re8 {[%emt 0:01:16]} 24. Qxg4 {[%emt 0:01:51]}
Rxe7 {[%emt 0:00:02]} 25. Nd4 {[%emt 0:00:24]} Qa8 {[%emt 0:04:42]} 26. Nb5 {
[%emt 0:00:09]} f5 {[%emt 0:00:28]} 27. Qf3 {[%emt 0:00:13]} fxe4 {[%emt 0:00:
24]} 28. Qe3 {[%emt 0:00:01]} Bd2 {[%emt 0:00:09]} 29. Rc8+ {[%emt 0:00:21]}
Qxc8 {[%emt 0:00:01]} 30. Qxd2 {[%emt 0:00:01]} Qb7 {[%emt 0:01:05]} 31. Qe2 {
[%emt 0:00:21]} e3+ {[%emt 0:00:13]} 32. f3 {[%emt 0:00:03]} Qd5 {[%emt 0:00:
27]} 0-1

[Event "European Rapid Championship 2021"]
[Site "Katowice"]
[Date "2021.12.19"]
[Round "8.12"]
[White "Klekowski, Maciej"]
[Black "Zakrzewski, Marek"]
[Result "1/2-1/2"]
[WhiteElo "2528"]
[BlackElo "2239"]
[Annotator "ChessBase"]
[PlyCount "91"]
[EventDate "2021.12.18"]
[EventType "swiss"]
[EventCountry "POL"]
[SourceTitle "playchess.com"]
[Source "ChessBase"]
[SourceQuality "1"]
[TimeControl "900+10"]

1. c4 {[%emt 0:00:02]} c6 {[%emt 0:00:02]} 2. Nf3 {[%emt 0:00:02]} d5 {[%emt 0:
00:02]} 3. b3 {[%emt 0:00:01]} Nf6 {[%emt 0:00:09]} 4. Bb2 {[%emt 0:00:01]} e6
{[%emt 0:00:02]} 5. g3 {[%emt 0:00:03]} Bd6 {[%emt 0:00:28]} 6. Bg2 {[%emt 0:
00:01]} Nbd7 {[%emt 0:00:09]} 7. O-O {[%emt 0:00:02]} O-O {[%emt 0:01:26]} 8.
d4 {[%emt 0:00:05]} Qe7 {[%emt 0:00:15]} 9. Nbd2 {[%emt 0:00:12]} Ne4 {[%emt 0:
01:22]} 10. Ne5 {[%emt 0:03:49]} f5 {[%emt 0:00:11]} 11. Nd3 {[%emt 0:00:43]}
a5 {[%emt 0:00:57]} 12. a4 {[%emt 0:00:17]} b6 {[%emt 0:00:21]} 13. Nf3 {
[%emt 0:00:53]} Ba6 {[%emt 0:00:57]} 14. Rc1 {[%emt 0:00:11]} Rac8 {[%emt 0:00:
19]} 15. Nfe5 {[%emt 0:00:53]} Nxe5 {[%emt 0:02:27]} 16. Nxe5 {[%emt 0:00:02]}
Bxe5 {[%emt 0:02:02]} 17. dxe5 {[%emt 0:00:02]} dxc4 {[%emt 0:00:02]} 18. Bxe4
{[%emt 0:00:10]} fxe4 {[%emt 0:00:11]} 19. bxc4 {[%emt 0:00:01]} Rcd8 {[%emt 0:
00:44]} 20. Qb3 {[%emt 0:03:52]} Qb4 {[%emt 0:00:08]} 21. Qxb4 {[%emt 0:00:01]}
axb4 {[%emt 0:00:02]} 22. Rfd1 {[%emt 0:00:01]} Rxd1+ {[%emt 0:00:41]} 23. Rxd1
{[%emt 0:00:01]} Bxc4 {[%emt 0:00:02]} 24. Rd4 {[%emt 0:00:01]} Bxe2 {[%emt 0:
00:50]} 25. Rxe4 {[%emt 0:00:28]} Bf3 {[%emt 0:00:15]} 26. Rxb4 {[%emt 0:00:03]
} Rd8 {[%emt 0:00:29]} 27. Rd4 {[%emt 0:00:00]} Rxd4 {[%emt 0:00:04]} 28. Bxd4
{[%emt 0:00:01]} Bd1 {[%emt 0:00:03]} 29. Bxb6 {[%emt 0:00:01]} Bxa4 {[%emt 0:
00:01]} 30. f3 {[%emt 0:00:08]} Kf7 {[%emt 0:00:04]} 31. Kf2 {[%emt 0:00:00]}
Bb3 {[%emt 0:00:25]} 32. Ke3 {[%emt 0:00:08]} Bd5 {[%emt 0:00:02]} 33. Bc5 {
[%emt 0:00:10]} Ke8 {[%emt 0:00:05]} 34. h4 {[%emt 0:00:03]} Kf7 {[%emt 0:00:
36]} 35. h5 {[%emt 0:00:04]} g6 {[%emt 0:00:24]} 36. g4 {[%emt 0:00:05]} gxh5 {
[%emt 0:00:01]} 37. gxh5 {[%emt 0:00:01]} Kg7 {[%emt 0:00:12]} 38. Kf4 {
[%emt 0:00:01]} Bc4 {[%emt 0:00:18]} 39. Kg5 {[%emt 0:00:05]} Bd5 {[%emt 0:00:
01]} 40. Kg4 {[%emt 0:00:11]} Bc4 {[%emt 0:00:06]} 41. f4 {[%emt 0:00:06]} Bd3
{[%emt 0:00:27]} 42. Kg5 {[%emt 0:00:54]} h6+ {[%emt 0:00:05]} 43. Kg4 {
[%emt 0:00:02]} Be2+ {[%emt 0:00:02]} 44. Kh4 {[%emt 0:00:01]} Bd3 {[%emt 0:00:
01]} 45. Be3 {[%emt 0:00:05]} Be2 {[%emt 0:00:09]} 46. Bc5 1/2-1/2

[Event "European Rapid Championship 2021"]
[Site "Katowice"]
[Date "2021.12.19"]
[Round "8.12"]
[White "Musial, Tomasz"]
[Black "Lewtak, Damian"]
[Result "0-1"]
[WhiteElo "1916"]
[BlackElo "2185"]
[Annotator "NA"]
[PlyCount "74"]
[EventDate "2021.12.18"]
[EventType "swiss"]
[EventCountry "POL"]
[SourceTitle "playchess.com"]
[Source "ChessBase"]
[SourceQuality "1"]
[TimeControl "900+10"]

1. d4 {[%emt 0:00:02]} d6 {[%emt 0:00:08]} 2. Nf3 {[%emt 0:00:02]} g6 {[%emt 0:
00:01]} 3. c4 {[%emt 0:00:03]} Bg7 {[%emt 0:00:02]} 4. g3 {[%emt 0:00:02]} e5 {
[%emt 0:00:01]} 5. Nc3 {[%emt 0:00:10]} Bg4 {[%emt 0:00:35]} 6. dxe5 {[%emt 0:
01:50]} dxe5 {[%emt 0:00:02]} 7. Qxd8+ {[%emt 0:00:02]} Kxd8 {[%emt 0:00:03]}
8. Bg2 {[%emt 0:00:01]} c6 {[%emt 0:00:27]} 9. O-O {[%emt 0:00:37]} Be6 {
[%emt 0:00:38]} 10. Rd1+ {[%emt 0:01:38]} Kc7 {[%emt 0:00:02]} 11. b3 {[%emt 0:
00:57]} f6 {[%emt 0:00:21]} 12. Ba3 {[%emt 0:00:20]} Nh6 {[%emt 0:00:02]} 13.
Rac1 {[%emt 0:00:41]} Bf8 {[%emt 0:01:41]} 14. Bxf8 {[%emt 0:02:16]} Rxf8 {
[%emt 0:00:02]} 15. Nb5+ {[%emt 0:00:06]} cxb5 {[%emt 0:00:56]} 16. cxb5+ {
[%emt 0:00:02]} Nc6 {[%emt 0:00:01]} 17. bxc6 {[%emt 0:00:15]} b5 {[%emt 0:00:
08]} 18. Ne1 {[%emt 0:02:11]} Rad8 {[%emt 0:01:17]} 19. Nd3 {[%emt 0:00:53]}
Nf5 {[%emt 0:00:30]} 20. Nc5 {[%emt 0:02:00]} Bc8 {[%emt 0:00:01]} 21. e3 {
[%emt 0:01:33]} Rxd1+ {[%emt 0:00:32]} 22. Rxd1 {[%emt 0:00:01]} Ne7 {[%emt 0:
00:07]} 23. Rc1 {[%emt 0:00:30]} Rd8 {[%emt 0:00:36]} 24. a4 {[%emt 0:00:25]}
b4 {[%emt 0:00:47]} 25. Ne4 {[%emt 0:01:35]} Nd5 {[%emt 0:01:22]} 26. Rc5 {
[%emt 0:00:35]} f5 {[%emt 0:01:46]} 27. Ng5 {[%emt 0:00:14]} Nc3 {[%emt 0:00:
02]} 28. h4 {[%emt 0:00:23]} e4 {[%emt 0:00:34]} 29. Nxh7 {[%emt 0:00:14]} Be6
{[%emt 0:00:02]} 30. Ra5 {[%emt 0:00:17]} Kb6 {[%emt 0:00:41]} 31. Re5 {
[%emt 0:00:01]} Bxb3 {[%emt 0:00:02]} 32. g4 {[%emt 0:00:20]} Bg8 {[%emt 0:00:
23]} 33. Nf6 {[%emt 0:00:08]} b3 {[%emt 0:00:16]} 34. c7 {[%emt 0:00:09]} Kxc7
{[%emt 0:00:46]} 35. Rc5+ {[%emt 0:00:04]} Kb6 {[%emt 0:00:04]} 36. Rxc3 {
[%emt 0:00:17]} b2 {[%emt 0:00:05]} 37. a5+ {[%emt 0:00:01]} Kxa5 {[%emt 0:00:
28]} 0-1

[Event "European Rapid Championship 2021"]
[Site "Katowice"]
[Date "2021.12.19"]
[Round "8.13"]
[White "Kalogeris, Ioannis"]
[Black "Tazbir, Marcin"]
[Result "0-1"]
[WhiteElo "2357"]
[BlackElo "2514"]
[Annotator "ChessBase"]
[PlyCount "72"]
[EventDate "2021.12.18"]
[EventType "swiss"]
[EventCountry "POL"]
[SourceTitle "playchess.com"]
[Source "ChessBase"]
[SourceQuality "1"]
[TimeControl "900+10"]

1. e4 {[%emt 0:00:20]} c5 {[%emt 0:00:01]} 2. Nf3 {[%emt 0:00:04]} d6 {[%emt 0:
00:02]} 3. Nc3 {[%emt 0:00:05]} Nc6 4. Bc4 {[%emt 0:00:05]} g6 {[%emt 0:00:23]}
5. d4 {[%emt 0:00:06]} cxd4 {[%emt 0:00:04]} 6. Nxd4 {[%emt 0:00:10]} Bg7 {
[%emt 0:00:01]} 7. Be3 {[%emt 0:00:10]} Nf6 {[%emt 0:00:02]} 8. f3 {[%emt 0:00:
09]} Bd7 {[%emt 0:00:05]} 9. g4 {[%emt 0:00:51]} Rc8 {[%emt 0:00:07]} 10. Bb3 {
[%emt 0:00:09]} Na5 {[%emt 0:01:02]} 11. h4 {[%emt 0:00:15]} h5 {[%emt 0:01:14]
} 12. g5 {[%emt 0:00:41]} Nh7 {[%emt 0:00:01]} 13. f4 {[%emt 0:02:34]} Nxb3 {
[%emt 0:00:44]} 14. axb3 {[%emt 0:00:10]} a6 {[%emt 0:00:02]} 15. O-O {[%emt 0:
01:28]} Bh3 {[%emt 0:01:27]} 16. Rf2 {[%emt 0:00:11]} e5 {[%emt 0:01:29]} 17.
Nde2 {[%emt 0:01:48]} Qd7 {[%emt 0:02:27]} 18. Qd3 {[%emt 0:02:12]} exf4 {
[%emt 0:02:46]} 19. Nxf4 {[%emt 0:00:29]} O-O {[%emt 0:00:06]} 20. Kh2 {
[%emt 0:01:29]} Be6 {[%emt 0:01:14]} 21. Bd4 {[%emt 0:00:06]} f6 {[%emt 0:00:
17]} 22. Nxg6 {[%emt 0:00:19]} Rf7 {[%emt 0:00:01]} 23. Rg1 {[%emt 0:03:36]}
fxg5 {[%emt 0:00:30]} 24. Bxg7 {[%emt 0:01:17]} Rxf2+ {[%emt 0:00:14]} 25. Kg3
{[%emt 0:00:01]} Kxg7 {[%emt 0:00:30]} 26. Kxf2 {[%emt 0:00:09]} Kxg6 {[%emt 0:
00:02]} 27. hxg5 {[%emt 0:00:12]} Rf8+ {[%emt 0:00:16]} 28. Ke1 {[%emt 0:00:04]
} Qf7 {[%emt 0:00:07]} 29. Ne2 {[%emt 0:00:12]} Qf2+ {[%emt 0:00:23]} 30. Kd2 {
[%emt 0:00:03]} Bg4 {[%emt 0:00:07]} 31. Qxd6+ {[%emt 0:00:03]} Kxg5 {[%emt 0:
00:02]} 32. Qe7+ {[%emt 0:00:31]} Kg6 {[%emt 0:00:02]} 33. Re1 {[%emt 0:00:21]}
Ng5 {[%emt 0:00:21]} 34. Kd3 {[%emt 0:00:17]} Rf3+ {[%emt 0:00:08]} 35. Kc4 {
[%emt 0:00:06]} Be6+ {[%emt 0:00:18]} 36. Kb4 {[%emt 0:00:08]} Qb6+ {[%emt 0:
00:12]} 0-1

[Event "European Rapid Championship 2021"]
[Site "Katowice"]
[Date "2021.12.19"]
[Round "8.13"]
[White "Kossobudzki, Robert"]
[Black "Zylka, Stanislaw"]
[Result "0-1"]
[WhiteElo "2033"]
[BlackElo "2367"]
[Annotator "NA"]
[PlyCount "120"]
[EventDate "2021.12.18"]
[EventType "swiss"]
[EventCountry "POL"]
[SourceTitle "playchess.com"]
[Source "ChessBase"]
[SourceQuality "1"]
[TimeControl "900+10"]

1. Nf3 {[%emt 0:00:01]} b6 {[%emt 0:00:01]} 2. b4 {[%emt 0:00:01]} e6 {[%emt 0:
00:12]} 3. Bb2 {[%emt 0:00:01]} Nf6 {[%emt 0:00:02]} 4. a3 {[%emt 0:00:01]} Bb7
{[%emt 0:00:04]} 5. c4 {[%emt 0:00:03]} a5 {[%emt 0:00:12]} 6. b5 {[%emt 0:00:
02]} d6 {[%emt 0:00:14]} 7. e3 {[%emt 0:00:05]} Nbd7 {[%emt 0:00:02]} 8. d4 {
[%emt 0:00:01]} g6 {[%emt 0:00:08]} 9. Be2 {[%emt 0:00:04]} Bg7 {[%emt 0:00:02]
} 10. O-O {[%emt 0:00:03]} O-O {[%emt 0:00:03]} 11. Nc3 {[%emt 0:00:02]} Re8 {
[%emt 0:00:20]} 12. Rc1 {[%emt 0:00:01]} e5 {[%emt 0:00:35]} 13. Na4 {[%emt 0:
00:02]} Ne4 {[%emt 0:00:17]} 14. Qc2 {[%emt 0:01:36]} Qe7 {[%emt 0:00:38]} 15.
Rfe1 {[%emt 0:01:57]} h6 {[%emt 0:01:55]} 16. Bf1 {[%emt 0:04:49]} Rad8 {
[%emt 0:00:17]} 17. Nd2 {[%emt 0:01:19]} Nxd2 {[%emt 0:00:46]} 18. Qxd2 {
[%emt 0:00:02]} Qg5 {[%emt 0:00:05]} 19. d5 {[%emt 0:02:01]} Bc8 {[%emt 0:00:
48]} 20. f4 {[%emt 0:00:52]} Qe7 {[%emt 0:02:02]} 21. Bd3 {[%emt 0:00:39]} e4 {
[%emt 0:00:54]} 22. Bxg7 {[%emt 0:00:05]} Kxg7 {[%emt 0:00:02]} 23. Be2 {
[%emt 0:00:30]} f5 {[%emt 0:00:26]} 24. Bd1 {[%emt 0:01:02]} Kh7 {[%emt 0:00:
20]} 25. g3 {[%emt 0:00:17]} Rg8 {[%emt 0:00:03]} 26. Kf2 {[%emt 0:00:04]} Rdf8
{[%emt 0:00:04]} 27. h4 {[%emt 0:00:08]} Kg7 {[%emt 0:00:09]} 28. Rh1 {[%emt 0:
00:38]} Kf7 {[%emt 0:00:02]} 29. Bb3 {[%emt 0:01:39]} Qf6 {[%emt 0:00:03]} 30.
c5 {[%emt 0:00:08]} Nxc5 {[%emt 0:00:40]} 31. Nxc5 {[%emt 0:00:03]} dxc5 {
[%emt 0:00:32]} 32. d6+ {[%emt 0:00:08]} Be6 {[%emt 0:00:01]} 33. Bxe6+ {
[%emt 0:00:04]} Qxe6 {[%emt 0:00:03]} 34. dxc7 {[%emt 0:00:03]} Rc8 {[%emt 0:
00:04]} 35. Qc3 {[%emt 0:00:35]} Rxc7 {[%emt 0:00:06]} 36. Rcd1 {[%emt 0:00:01]
} Rd7 {[%emt 0:00:50]} 37. Rd2 {[%emt 0:00:02]} Rgd8 {[%emt 0:00:34]} 38. Rhd1
{[%emt 0:00:27]} Rxd2+ {[%emt 0:00:31]} 39. Rxd2 {[%emt 0:00:01]} Rxd2+ {
[%emt 0:00:22]} 40. Qxd2 {[%emt 0:00:01]} Ke7 {[%emt 0:00:02]} 41. Qc3 {
[%emt 0:00:22]} Qf6 {[%emt 0:00:01]} 42. Qc4 {[%emt 0:00:12]} Qb2+ {[%emt 0:00:
07]} 43. Kg1 {[%emt 0:00:05]} Qd2 {[%emt 0:00:11]} 44. Qg8 {[%emt 0:00:15]}
Qxe3+ {[%emt 0:00:06]} 45. Kh2 {[%emt 0:00:02]} Qd2+ {[%emt 0:02:34]} 46. Kh3 {
[%emt 0:00:21]} Qd6 {[%emt 0:00:05]} 47. Qg7+ {[%emt 0:00:27]} Kd8 {[%emt 0:00:
03]} 48. Qg8+ {[%emt 0:00:02]} Kc7 {[%emt 0:00:49]} 49. Qg7+ {[%emt 0:00:52]}
Kb8 {[%emt 0:00:23]} 50. Qg8+ {[%emt 0:00:15]} Kb7 {[%emt 0:00:09]} 51. Qf7+ {
[%emt 0:00:12]} Qc7 {[%emt 0:00:33]} 52. Qxg6 {[%emt 0:00:15]} c4 {[%emt 0:00:
01]} 53. Qxf5 {[%emt 0:00:04]} Qc8 {[%emt 0:00:08]} 54. Qxc8+ {[%emt 0:00:45]}
Kxc8 {[%emt 0:00:01]} 55. f5 {[%emt 0:00:00]} c3 {[%emt 0:00:01]} 56. f6 {
[%emt 0:00:04]} Kd7 {[%emt 0:00:01]} 57. g4 {[%emt 0:00:01]} c2 {[%emt 0:00:01]
} 58. g5 {[%emt 0:00:01]} c1=Q {[%emt 0:00:04]} 59. g6 {[%emt 0:00:02]} Ke6 {
[%emt 0:00:11]} 60. f7 {[%emt 0:00:04]} Ke7 {[%emt 0:00:02]} 0-1

[Event "European Rapid Championship 2021"]
[Site "Katowice"]
[Date "2021.12.19"]
[Round "8.14"]
[White "Schneider, Ilja"]
[Black "Karolczuk, Iwo"]
[Result "1-0"]
[WhiteElo "2490"]
[BlackElo "2007"]
[Annotator "ChessBase"]
[PlyCount "107"]
[EventDate "2021.12.18"]
[EventType "swiss"]
[EventCountry "POL"]
[SourceTitle "playchess.com"]
[Source "ChessBase"]
[SourceQuality "1"]
[TimeControl "900+10"]

1. e4 {[%emt 0:00:02]} e5 {[%emt 0:00:57]} 2. Nf3 {[%emt 0:00:01]} Nc6 {
[%emt 0:00:02]} 3. Bb5 {[%emt 0:00:15]} a6 {[%emt 0:00:07]} 4. Ba4 {[%emt 0:00:
00]} Nf6 {[%emt 0:00:04]} 5. O-O {[%emt 0:00:02]} Be7 {[%emt 0:00:05]} 6. Re1 {
[%emt 0:00:01]} b5 {[%emt 0:00:26]} 7. Bb3 {[%emt 0:00:01]} d6 {[%emt 0:00:25]}
8. a4 {[%emt 0:00:03]} Rb8 {[%emt 0:00:30]} 9. axb5 {[%emt 0:00:40]} axb5 {
[%emt 0:00:02]} 10. h3 {[%emt 0:00:57]} O-O {[%emt 0:00:11]} 11. d3 {[%emt 0:
00:46]} h6 {[%emt 0:00:20]} 12. Nc3 {[%emt 0:00:53]} Nd4 {[%emt 0:01:41]} 13.
Nxd4 {[%emt 0:00:42]} exd4 {[%emt 0:00:02]} 14. Nd5 {[%emt 0:00:06]} Nxd5 {
[%emt 0:00:21]} 15. Bxd5 {[%emt 0:00:42]} Be6 {[%emt 0:00:45]} 16. Bxe6 {
[%emt 0:00:48]} fxe6 {[%emt 0:00:02]} 17. Qg4 {[%emt 0:00:01]} Rf6 {[%emt 0:00:
44]} 18. e5 {[%emt 0:00:02]} dxe5 {[%emt 0:00:07]} 19. Rxe5 {[%emt 0:00:01]}
Qd7 {[%emt 0:00:50]} 20. Ra6 {[%emt 0:01:38]} c6 {[%emt 0:00:59]} 21. Re2 {
[%emt 0:01:32]} Rc8 {[%emt 0:02:37]} 22. Bf4 {[%emt 0:00:23]} Bc5 {[%emt 0:01:
19]} 23. Be5 {[%emt 0:01:06]} Rf5 {[%emt 0:00:30]} 24. Re4 {[%emt 0:01:09]} Rg5
{[%emt 0:00:57]} 25. Qe2 {[%emt 0:00:20]} Rf8 {[%emt 0:01:16]} 26. Bg3 {
[%emt 0:01:19]} Rg6 {[%emt 0:01:26]} 27. Ra1 {[%emt 0:01:31]} Re8 {[%emt 0:00:
37]} 28. h4 {[%emt 0:00:25]} Bb6 {[%emt 0:00:46]} 29. Rg4 {[%emt 0:00:45]} Rxg4
{[%emt 0:00:11]} 30. Qxg4 {[%emt 0:00:02]} Bc5 {[%emt 0:00:37]} 31. Be5 {
[%emt 0:00:05]} Bf8 {[%emt 0:00:48]} 32. Qxd4 {[%emt 0:00:27]} Qxd4 {[%emt 0:
00:15]} 33. Bxd4 {[%emt 0:00:01]} c5 {[%emt 0:00:00]} 34. Be5 {[%emt 0:00:08]}
c4 {[%emt 0:00:22]} 35. d4 {[%emt 0:00:07]} b4 {[%emt 0:00:09]} 36. Ra7 {
[%emt 0:00:05]} Rc8 {[%emt 0:00:25]} 37. g4 {[%emt 0:00:28]} Kh7 {[%emt 0:00:
09]} 38. Kg2 {[%emt 0:00:07]} Kg6 {[%emt 0:00:03]} 39. h5+ {[%emt 0:00:02]} Kh7
{[%emt 0:00:01]} 40. f4 {[%emt 0:00:31]} b3 {[%emt 0:00:13]} 41. c3 {[%emt 0:
00:08]} Kg8 {[%emt 0:00:02]} 42. Kf3 {[%emt 0:00:06]} Re8 {[%emt 0:00:09]} 43.
Ke4 {[%emt 0:00:14]} Re7 {[%emt 0:00:05]} 44. Ra8 {[%emt 0:00:07]} Rd7 {
[%emt 0:00:01]} 45. Rc8 {[%emt 0:00:14]} Kf7 {[%emt 0:00:05]} 46. Rxc4 {
[%emt 0:00:03]} Ra7 {[%emt 0:00:19]} 47. Rc7+ {[%emt 0:00:26]} Rxc7 {[%emt 0:
00:06]} 48. Bxc7 {[%emt 0:00:01]} Ba3 {[%emt 0:00:01]} 49. Kd3 {[%emt 0:00:01]}
Bxb2 {[%emt 0:00:02]} 50. Kc4 {[%emt 0:00:01]} g6 {[%emt 0:00:26]} 51. Kxb3 {
[%emt 0:00:01]} Bc1 {[%emt 0:00:02]} 52. Kc2 {[%emt 0:00:06]} Be3 {[%emt 0:00:
08]} 53. Kd3 {[%emt 0:00:01]} Bf2 {[%emt 0:00:02]} 54. Ke4 {[%emt 0:00:01]} 1-0

[Event "European Rapid Championship 2021"]
[Site "Katowice"]
[Date "2021.12.19"]
[Round "8.14"]
[White "Czerw, Dawid"]
[Black "Jedrusik, Adam"]
[Result "0-1"]
[WhiteElo "2158"]
[BlackElo "1769"]
[Annotator "NA"]
[PlyCount "78"]
[EventDate "2021.12.18"]
[EventType "swiss"]
[EventCountry "POL"]
[SourceTitle "playchess.com"]
[Source "ChessBase"]
[SourceQuality "1"]
[TimeControl "900+10"]

1. d4 {[%emt 0:00:53]} d5 {[%emt 0:00:06]} 2. c4 {[%emt 0:00:01]} c6 {[%emt 0:
00:01]} 3. Nf3 {[%emt 0:00:04]} Nf6 {[%emt 0:00:01]} 4. Nc3 {[%emt 0:00:01]} e6
{[%emt 0:00:02]} 5. Bg5 {[%emt 0:00:02]} h6 {[%emt 0:00:02]} 6. Bh4 {[%emt 0:
00:02]} dxc4 {[%emt 0:00:03]} 7. e4 {[%emt 0:00:13]} g5 {[%emt 0:00:01]} 8. Bg3
{[%emt 0:00:01]} b5 {[%emt 0:00:02]} 9. e5 {[%emt 0:00:10]} Nd5 {[%emt 0:00:02]
} 10. Nd2 {[%emt 0:00:02]} Nd7 {[%emt 0:01:03]} 11. h4 {[%emt 0:00:07]} g4 {
[%emt 0:02:31]} 12. Qxg4 {[%emt 0:00:26]} Bb7 {[%emt 0:00:10]} 13. h5 {[%emt 0:
00:55]} Qa5 {[%emt 0:00:56]} 14. Rc1 {[%emt 0:01:50]} Nxc3 {[%emt 0:01:29]} 15.
bxc3 {[%emt 0:00:07]} c5 {[%emt 0:00:17]} 16. Be2 {[%emt 0:02:31]} cxd4 {
[%emt 0:02:28]} 17. Qxd4 {[%emt 0:00:03]} Bc5 {[%emt 0:00:12]} 18. Qf4 {
[%emt 0:00:22]} Bxg2 {[%emt 0:01:10]} 19. Rg1 {[%emt 0:00:33]} Bd5 {[%emt 0:00:
02]} 20. Bh4 {[%emt 0:00:26]} Qc7 {[%emt 0:00:52]} 21. Rg7 {[%emt 0:01:19]}
Nxe5 {[%emt 0:00:48]} 22. Bg3 {[%emt 0:01:16]} Bd6 {[%emt 0:00:01]} 23. Qf6 {
[%emt 0:00:21]} Rf8 {[%emt 0:01:02]} 24. Nf1 {[%emt 0:02:32]} Nd3+ {[%emt 0:01:
50]} 25. Bxd3 {[%emt 0:00:14]} cxd3 {[%emt 0:00:01]} 26. Ne3 {[%emt 0:00:52]}
Bxg3 {[%emt 0:01:49]} 27. fxg3 {[%emt 0:00:05]} Rd8 {[%emt 0:00:09]} 28. Kd2 {
[%emt 0:00:37]} Qa5 {[%emt 0:00:36]} 29. Ra1 {[%emt 0:01:16]} Qa3 {[%emt 0:00:
42]} 30. Nd1 {[%emt 0:00:01]} Rc8 {[%emt 0:01:03]} 31. Qd4 {[%emt 0:00:23]} Rc4
{[%emt 0:00:19]} 32. Qxd3 {[%emt 0:00:24]} b4 {[%emt 0:00:00]} 33. Rc1 {
[%emt 0:00:23]} Ke7 {[%emt 0:00:21]} 34. Ne3 {[%emt 0:00:21]} bxc3+ {[%emt 0:
00:15]} 35. Kd1 {[%emt 0:00:35]} Bf3+ {[%emt 0:00:08]} 36. Ke1 {[%emt 0:00:06]}
Qxc1+ {[%emt 0:00:10]} 37. Kf2 {[%emt 0:00:01]} Qd2+ {[%emt 0:00:06]} 38. Qxd2
{[%emt 0:00:01]} cxd2 {[%emt 0:00:00]} 39. Kxf3 {[%emt 0:00:01]} Rc3 {[%emt 0:
00:01]} 0-1